000
00274nam a22001217a 4500
008
171108b xxu||||| |||| 00| 0 eng d
041
_a
eng
080
_a
330.322
100
_a
64
101
_a
INV
245
_a
MANAGING INVESTMENT PORTFOLIOS
_c
MAGGIN,J.L
942
_2
udc
_c
BK
999
_c
38241
_d
38241